logo

Bir Sreshtho Munshi Abdur Rouf Library
Jhenaidah Cadet College

Das Kapital : (Record no. 8496)

MARC details
000 -LEADER
fixed length control field 01005cam a2200289 a 4500
001 - CONTROL NUMBER
JCCL Control Number 8496
003 - CONTROL NUMBER IDENTIFIER
JCCL marc code BD-JhCC
005 - DATE AND TIME OF LATEST TRANSACTION
control field 20180226101506.0
008 - FIXED-LENGTH DATA ELEMENTS--GENERAL INFORMATION
fixed length control field 870401s1967 gw 000 0 ger d
035 ## - SYSTEM CONTROL NUMBER
system control number (BD-JhCC)8496
035 ## - SYSTEM CONTROL NUMBER
system control number 1256711
040 ## - CATALOGING SOURCE
Original cataloging agency ANL
Transcribing agency ANL
Modifying agency ANL
041 ## - LANGUAGE CODE
Language code of Book eng
050 00 - LIBRARY OF CONGRESS CALL NUMBER
Classification number HB501
Item number M35
082 04 - DEWEY DECIMAL CLASSIFICATION NUMBER
Classification number 331
Author mark and Year MAR 1967
100 1# - MAIN ENTRY--PERSONAL NAME
Personal name Marx, Karl,
Dates associated with a name 1818-1883.
245 14 - TITLE STATEMENT
Title Das Kapital :
Remainder of title Kritik der politischen Okonomie : (Nach der 1., 2., und 4. von Friedrich Engels durchgesehenen und hrgs. Aufl., Hamburgh 1890-94)
260 ## - PUBLICATION, DISTRIBUTION, ETC. (IMPRINT)
Place of publication, distribution, etc (Frankfurt a. M.) :
Name of publisher, distributor, etc Europaische Verlagsanstalt,
Date of publication, distribution, etc 1967.
300 ## - PHYSICAL DESCRIPTION
Pagination 551 p. :
Dimensions 22 cm.
504 ## - BIBLIOGRAPHY, ETC. NOTE
Bibliography, etc Includes bibliographies.
505 0# - FORMATTED CONTENTS NOTE
Formatted contents note CONTENTS.--Bd. 1. Der Produktionsprozess des Kapitals.--Bd. 2 Der Kirkulationsprozess des Kapitals.--Bd. 3 Der Gesamtprozess der kapitalitischen Produktion.
650 #0 - SUBJECT ADDED ENTRY--TOPICAL TERM
Topical term or geographic name as entry element Economics.
650 #0 - SUBJECT ADDED ENTRY--TOPICAL TERM
Topical term or geographic name as entry element Capital.
700 1# - ADDED ENTRY--PERSONAL NAME
Personal name Engels, Friedrich,
Dates associated with a name 1820-1895.
942 ## - ADDED ENTRY ELEMENTS (KOHA)
Source of classification or shelving scheme Dewey Decimal Classification
Koha item type Books
Holdings
Source of classification or shelving scheme volume number Damaged status Not for loan Home library Current library Shelving location Date of accession Total Checkouts Full call number Barcode Date last seen Copy number Koha item type
Dewey Decimal Classification V-2     JCC Rouf Library JCC Rouf Library General Stacks 02/26/2018   331 MAR 1967 11260 02/26/2018 C-1 Books
Dewey Decimal Classification V-2     JCC Rouf Library JCC Rouf Library General Stacks 02/25/2018   331 MAR 1967 11259 02/26/2018 C-2 Books

JCC Library | Contacts | JCC Home

Last Update on 23 September 2017
Copyright @ 2017-2020 JCC Rouf Library
Rouf Library, Jhenidah Cadet College (JCC), Bangladesh